Panegyrico funeral de la vida en la muerte de el... D. Manuel Fernández de Santa Cruz obispo de la Puebla de los Angeles...

Detalles Bibliográficos
Autor principal: GOMEZ De LA PARRA, José
Formato: Libro
Publicado: Puebla 1699
Materias:
Colección:Banco de datos
Acervo:Biblioteca Nacional de Antropología e Historia. Fondo Conventual
Tema general:Homilética
Notas:Regular. XI, 4, 10. Ex libris ms. de Fr. Pedro de Alcántara. Encuadernado con ocho obras diferentes.
LEADER 00846nam a22001930004500
035 |a 12513 
036 |a 59 
100 1 |a GOMEZ De LA PARRA, José 
245 1 0 |a Panegyrico funeral de la vida en la muerte de el... D. Manuel Fernández de Santa Cruz obispo de la Puebla de los Angeles... 
260 |a Puebla  |b Herederos del Capitán Juan de Villa - Real  |c 1699 
500 |a Regular. XI, 4, 10. Ex libris ms. de Fr. Pedro de Alcántara. Encuadernado con ocho obras diferentes. 
650 1 0 |a Homilética 
949 |a B.N.A.H. 
959 |a Biblioteca Nacional de Antropología e Historia. Ciudad de México  |b CCC1 
960 |a Colección General de B.N.A.H. de la ciudad de México  |b DD58 
961 |a Varias Ordenes Religiosas  |b VO 
942 |c B.N.A.H. 
943 |g Biblioteca Nacional de Antropología e Historia. Fondo Conventual 
999 |c 1037045  |d 1037045